00475caa a22001812a 4500001000900000003001100009008004700020092001700067100002300084245008400107245002800191300001000219440000600229260000900235650002500244942000900269999001500278 002018 AR-FADEU 311216n############xxu####################dd aPP(340.1)BIO aDabove, María I. bAproximación a la filosofía analítica desde la Bioética y el Bioderecho aBioética y Bioderecho a25-33 n3 c1998 aBIOETICA; BIODERECHO cPPGR c4796d4796